Dialectics of nature / (Record no. 50348)
[ view plain ]
| 000 -LEADER | |
|---|---|
| fixed length control field | 00843nam a2200265 a 4500 |
| 001 - CONTROL NUMBER | |
| control field | 50348 |
| 003 - CONTROL NUMBER IDENTIFIER | |
| rucl marc code | BD-RjUL |
| 005 - DATE AND TIME OF LATEST TRANSACTION | |
| control field | 20211209075508.0 |
| 008 - FIXED-LENGTH DATA ELEMENTS--GENERAL INFORMATION | |
| fixed length control field | 160824s19741954rurc b 001 0 eng |
| 035 ## - SYSTEM CONTROL NUMBER | |
| System control number | (BD-RjUL)50468 |
| 040 ## - CATALOGING SOURCE | |
| Original cataloging agency | LC |
| Language of cataloging | eng |
| Transcribing agency | LC |
| Modifying agency | BD-RjUL |
| 041 1# - LANGUAGE CODE | |
| Language code of text/sound track or separate title | engger |
| 082 04 - DEWEY DECIMAL CLASSIFICATION NUMBER | |
| Classification number | 501 |
| Edition number | 23 |
| Author mark and year | END 1974 |
| 100 1# - MAIN ENTRY--PERSONAL NAME | |
| Personal name | Engels, Frederick |
| Dates associated with a name | 1820-1895. |
| 9 (RLIN) | 134542 |
| 245 10 - TITLE STATEMENT | |
| Title | Dialectics of nature / |
| Statement of responsibility, etc. | Frederick Engels ; Translated from the German by C. Dutt |
| 250 ## - EDITION STATEMENT | |
| Edition statement | 2nd. rev. ed. |
| 260 ## - PUBLICATION, DISTRIBUTION, ETC. (IMPRINT) | |
| Place of publication, distribution, etc. | Moscow : |
| Name of publisher, distributor, etc. | Progress Publishers, |
| Date of publication, distribution, etc. | 1954, [printing 1974] |
| 300 ## - PHYSICAL DESCRIPTION | |
| Pagination | 403 p. ; |
| Illustrations | ill. ; |
| Size | 21 cm. |
| 500 ## - GENERAL NOTE | |
| General note | Translation of Dialetik der Natur. |
| 504 ## - BIBLIOGRAPHY, ETC. NOTE | |
| Bibliography, etc | Bibliography: p. [374]-[382] |
| 650 #0 - SUBJECT ADDED ENTRY--TOPICAL TERM | |
| Topical term or geographic name as entry element | Science |
| General subdivision | Philosophy. |
| 9 (RLIN) | 151299 |
| Topical term or geographic name as entry element | Dialectical materialism. |
| 9 (RLIN) | 134974 |
| 942 ## - ADDED ENTRY ELEMENTS (KOHA) | |
| Source of classification or shelving scheme | Dewey Decimal Classification |
| Koha item type | Books |
| Lost status | Source of classification or shelving scheme | Damaged status | Not for loan | Collection code | Permanent Location | Current Location | Shelving location | Date acquired | Source of acquisition | Cost, normal purchase price | Total Checkouts | Full call number | Date last seen | Copy number | Koha item type |
|---|---|---|---|---|---|---|---|---|---|---|---|---|---|---|---|
| Dewey Decimal Classification | Non-fiction | Central Library, University of Rajshahi | Central Library, University of Rajshahi | 04/05/1977 | Heffer and sons | 11.00 | 501 END 1974 | 24/08/2016 | C-2 | Books |